| 000 | 00407nam a2200133Ia 4500 | ||
|---|---|---|---|
| 008 | 220217s9999 xx 000 0 und d | ||
| 100 | _aKarthikeyan, K.V. | ||
| 245 | 0 | _aEffect of planting density on the growth of rubber in the Vellanikkara estate | |
| 260 |
_bKerala Agricultural University _a Thrissur _c1993 |
||
| 300 | _a25 | ||
| 500 | _aCourse: PGDNRP | ||
| 700 | _aDr CK Saraswathy Amma | ||
| 942 | _cTS | ||
| 999 |
_c74285 _d74285 |
||